| 000 | 01654nam2a22003011 4500 | ||
|---|---|---|---|
| 001 | rc\4367854 | ||
| 005 | 20250612062236.0 | ||
| 021 |
_aRU _b[66-50653ж] |
||
| 035 | _a(NLR Aleph) 008539471 | ||
| 090 |
_a8338070 _c8338070 |
||
| 100 | _a20130416d1966 |||y0rusy50 ca | ||
| 101 | 0 | _arus | |
| 102 | _aRU | ||
| 105 | _ay z ||||| | ||
| 200 | 1 | _aГеография населения в СССР | |
| 210 |
_d1966 _aБ. м. |
||
| 215 |
_a170 с. _d22 |
||
| 225 | 1 |
_aИтоги науки _iСерия "География" |
|
| 300 | _aРезюме на англ. яз. | ||
| 423 | 0 |
_11010#$arus _12001#$a[Советская литература по географии населения. (1961-1965 гг.)] _1700#1$aПархоменко$bИ.И.$gИя Ивановна _1701#1$aТерновская$bГ.Н. _t[Советская литература по географии населения. (1961-1965 гг.)] _aПархоменко, Ия Ивановна |
|
| 461 | 0 |
_1001rc\4367851 _12001#$aГеография СССР$e[Сборник статей$fОтв. ред. И.И. Пархоменко]$gАкад. наук СССР. Ин-т науч. информации. Вып. 1-$vВып. 3 _98338053 _cМосква _d1965 _fОтв. ред. И.И. Пархоменко] _nБ. и. _o[Сборник статей _tГеография СССР _vВып. 3 |
|
| 606 |
_aГеография населения СССР _jБиблиография (вып. 3) _2psbo |
||
| 700 | 1 |
_aПокшишевский _bВ.В. _gВадим Вячеславович |
|
| 801 | 0 |
_aRU _bNLR _gpsbo |
|
| 801 | 1 |
_aRU _bELAR _2rusmarc |
|
| 852 |
_aNLR _j65-5/3172 |
||
| 942 | _cBOOK | ||
| 980 | _aNB | ||